000 00435nam a22001697a 4500
005 20160627145233.0
008 160627b xxu||||| |||| 00| 0 eng d
020 _a81-203-2615-6
041 _aeng
082 _b10645
100 _aPummett, Bethy Jana
_92954
245 _aInternational Perspectives on organizational behavior and Human resource
260 _bPHI
_c2004
300 _a270
650 _aManagement
_9241
942 _cBK
999 _c4269
_d4268